000 00575nam a2200169Ia 4500
008 130821s1994 ck gr spa
020 _a9586001695
040 _aCo-BoUCM
_bspa
041 _aspa
100 _aThompson, James D.
_9138989
245 _aorganizaciones en acción
_cJames D. Thompson ; Traducción Jaime Garavito Burgos
260 _aBogotá (Cundinamarca, Colombia)
_bMcGraW-Hill Interamericana
_c1994
300 _a204 páginas
765 _tOrganizations in Action
942 _cLIBRO
_a16
_e1
_mT46
_2DEWEY
_h658.048
999 _c2145
_d2145